000 00908cab a2200265 4500
001 ABS57596
008 090401t1997 xxu||||| |||| 00| 0 eng d
035 _a(Sirsi) u81006
041 _aeng
100 _aCarter, D
245 _aLaying down the law on the Private Finance Initiative
260 _c1997
350 _a0
490 _aCSM (Chartered Surveyor Monthly)
_v7(1) September 1997, 19-20(2)
520 _aThe Labour government has given a boost to the PFI process and law and order is one area that is predicted to benefit. This article looks at property issues within this sector and considers the opportunities for surveyors.
650 _aCOURTS
650 _aLAW AND ORDER
650 _aPFI
650 _aPRISON SECTOR
650 _aPRIVATE FINANCE INITIATIVE
650 _aSURVEYORS
690 _aPROPERTY-PROPERTY FINANCE AND INVESTMENT
942 _n0
948 _c22/09/1997
999 _c51032
_d51032